| 000 | 00708nam a2200217 i 4500 | ||
|---|---|---|---|
| 001 | 91150 | ||
| 003 | ES-MaACL | ||
| 005 | 20250901062533.0 | ||
| 007 | t| | ||
| 008 | 050127s1959 an |||| | spa d | ||
| 100 | 1 |
_aLesage, Robert. _971824 |
|
| 245 | 1 | 0 |
_aOrnamentos y objetos litúrgicos / _cRobert Lesage. |
| 260 |
_aAndorra : _bCasal i Vall, _c[1959] |
||
| 300 |
_a159 p. ; _c19 cm. |
||
| 490 | 1 | _aYo sé, yo creo : enciclopedia del católico en el siglo XX | |
| 650 | 4 |
_aObjetos litúrgicos. _9165693 |
|
| 650 | 4 |
_aIglesias- _xDecoración. _9162351 |
|
| 830 | 0 | 0 |
_aYo sé, yo creo: enciclopedia del católico del siglo XX _9186579 |
| 852 |
_aES-MaACL _jC-17266 |
||
| 999 |
_c91150 _d91150 |
||